| 000 | 01379nam2a2200289 i 4500 | ||
|---|---|---|---|
| 001 | RU\NLR\BIBL_A\011407066 | ||
| 005 | 20240729041901.0 | ||
| 010 |
_a9785906557261 _91000 |
||
| 021 |
_aRU _b2017-38666 _92821 |
||
| 035 | _a(RuMoRGB)008895676 | ||
| 035 | _a(NLR Aleph) 011407066 | ||
| 090 |
_a11537934 _c11537934 |
||
| 100 | _a20170615d2017 u y0rusy50 ca | ||
| 101 | 0 | _arus | |
| 102 | _aRU | ||
| 105 | _aacb|z|||001zy | ||
| 200 | 0 | _aЧ. 1, кн. 2 | |
| 210 | _d2017 | ||
| 215 |
_aС. 461-966 _cил., портр., карт. |
||
| 320 | _aБиблиогр. в подстроч. примеч. | ||
| 320 | _aУказ. имен: с. 954-962 | ||
| 320 | _aУказ. кораблей: с. 963-965 | ||
| 461 | 0 |
_1001RU\NLR\BIBL_A\011410075 _12001#$aОписание обороны Севастополя$fсоставлено под руководством генерал-адъютанта Тотлебена$g[подгот. текста: Телицын В., Середенко Е.$gвступ. ст. и коммент.: Ченнык С.]$vЧ. 1, кн. 2 _911553009 _cМосква _d2017 _fсоставлено под руководством генерал-адъютанта Тотлебена _nPrincipium _tОписание обороны Севастополя _y9785906557247 _vЧ. 1, кн. 2 |
|
| 942 | _cBOOK | ||
| 980 | _aNBR | ||